Research design in counseling (Record no. 297582)

MARC details
000 -LEADER
fixed length control field 00433nam a22001577a 4500
005 - DATE AND TIME OF LATEST TRANSACTION
control field 20240917100549.0
008 - FIXED-LENGTH DATA ELEMENTS--GENERAL INFORMATION
fixed length control field 240917b |||||||| |||| 00| 0 eng d
020 ## - INTERNATIONAL STANDARD BOOK NUMBER
International Standard Book Number 9780495603641
082 ## - DEWEY DECIMAL CLASSIFICATION NUMBER
Classification number 158.3 HEP;1 R
100 ## - MAIN ENTRY--PERSONAL NAME
Personal name Heppner, P. Paul. Wampold, Bruce E. Kivlighan, Dennis M.
245 ## - TITLE STATEMENT
Title Research design in counseling
250 ## - EDITION STATEMENT
Edition statement 3rd ed.
260 ## - PUBLICATION, DISTRIBUTION, ETC. (IMPRINT)
Place of publication, distribution, etc. Australia
Name of publisher, distributor, etc. Thomson/Brooks
Date of publication, distribution, etc. 2008
300 ## - PHYSICAL DESCRIPTION
Extent xx, 666
942 ## - ADDED ENTRY ELEMENTS (KOHA)
Koha item type PESU Books
Holdings
Date last seen Total Checkouts Full call number Accession number Copy number Cost, replacement price Price effective from Category Lost status Source of classification or shelving scheme Damaged status Withdrawn status bill no. bill date Permanent Location Current Location Shelving location Entry date Vendor Cost, normal purchase price Grants Currency symbol Conversion rate Discount
17/09/2024   158.3 HEP;1 R PU14482 1 1250.00 17/09/2024 PESU Books   Dewey Decimal Classification     WORDI/2024/CRB/812 21/08/2024 Central Library Central Library Central Library 20/09/2024 The Word Bookshop 2500.00 Psychology Rupees 1 50

© For any Suggestions or Query, please contact the library staff @ librarian@pes.edu or Phone: +9180 2672 1983/ 2108.